Estatuto Tributario de Bogot ̀Actualizado 2022

Detalles Bibliográficos
Autor principal: Chavarro Cadena, Jorge Enrique
Otros Autores: Parra Ortiz, Harold Ferney
Formato: eBook
Lenguaje:español
Publicado: Bogot:̀ Grupo Editorial Nueva Legislacin̤, 2022
Materias:
Acceso en línea:Acceso restringido

MARC

LEADER 00000nam a22000007a 4500
005 20220712220325.0
007 cr|||| ||||
008 220712s2022 co |||||s|||| 00||0 spa d
020 |a 978-958-59514-5-7 
035 |a 36698 
040 |a vLex 
090 |c 13545  |d 13545 
100 1 |a Chavarro Cadena, Jorge Enrique 
245 1 0 |a Estatuto Tributario de Bogot ̀Actualizado 2022  |h [Recurso electrn̤ico] /  |c Jorge Enrique Chavarro Cadena, Harold Ferney Parra Ortiz 
256 |a Servicio en ln̕ea 
260 |a Bogot:̀  |b Grupo Editorial Nueva Legislacin̤,  |c 2022 
300 |a 1 recurso electrn̤ico 
500 |a El Estatuto Tributario Distrital es la compilacin̤ de los aspectos sustanciales y estructurales de los impuestos vigentes (Decreto 352 del 15 de agosto del 2002), y se complementa con el procedimiento tributario distrital adoptado mediante el Decreto 807 de 1993, con sus respectivas modificaciones, especialmente con las contenidas en el Decreto 401 de 1999 y 362 del 21 de agosto de 2002, y actualizacin̤ vigente para el presente aǫ. El Estatuto Tributario Distrital es una publicacin̤ comentada y concordada con notas de gran interš del Estatuto Tributario Nacional, incluyendo la doctrina de la Direccin̤ Distrital de Impuestos (D.D.I.) y jurisprudencia del Consejo de Estado concordada con los artc̕ulos del Estatuto Distrital, el cual los suscriptores al Libro Digital deben consultar permanentemente en nuestra pg̀ina WEB por su importancia y contenido del mismo, y un suplemento con las actualizaciones de las normas vigentes. 
506 1 |a Disponible solo en los productos indicados  |d vLex Global  |d vLex Global (Academic Edition, excluding Law Schools)  |d vLex Global (U.S. Academic Edition, Law Schools)  |d vLex Global (U.S. Academic Edition, excluding Law Schools)  |d vLex Global (Academic Edition, Law Schools) 
650 0 4 |a Derecho Tributario  |z Colombia 
700 1 |a Parra Ortiz, Harold Ferney 
740 0 |a vLex Libros (Servicio en ln̕ea) 
856 4 0 |u https://app.vlex.com/#/sources/36698  |z Acceso restringido 
942 |c BOOK 
999 0 |a Tax Law